A segurança dos alimentos é uma responsabilidade partilhada (Registro n. 327877)
[ somente texto ]
| 000 -LÍDER | |
|---|---|
| fixed length control field | 00941nab a2200253 4500 |
| 003 - CÓDIGO MARC DA AGÊNCIA CATALOGADORA | |
| Campo de controle | BR-BrBNA |
| 005 - DATA E HORA DA ÚLTIMA ATUALIZAÇÃO | |
| Campo de controle | 20240930112348.0 |
| 008 - CAMPO DE TAMANHO FIXO | |
| fixed length control field | 240930b bl.||||| |||| 00| 0 por d |
| 040 ## - FONTE DA CATALOGAÇÃO | |
| Agência catalogadora | BR-BrBNA |
| Idioma da catalogação | por |
| 072 ## - CATEGORIA AGRIS | |
| Código AGRIS | Q02 ; Q03 ; Q04 |
| 100 ## - ENTRADA PRINCIPAL - NOME PESSOAL | |
| Nome pessoal | Sá, Cláudia Valéria Gonçalves Cordeiro de |
| 100 ## - ENTRADA PRINCIPAL - NOME PESSOAL | |
| Nome pessoal | Nóbrega, Judi Maria da |
| 245 ## - TÍTULO PRINCIPAL | |
| Título principal | A segurança dos alimentos é uma responsabilidade partilhada |
| 500 ## - NOTA GERAL | |
| Nota geral | 7 illus. |
| 942 ## - ADDED ENTRY ELEMENTS (KOHA) | |
| Koha item type | Analítica |
| 650 ## - ASSUNTO - THESAGRO | |
| Cabeçalho tópico ou nome geográfico | SEGURANÇA ALIMENTAR |
| 650 ## - ASSUNTO - THESAGRO | |
| Cabeçalho tópico ou nome geográfico | INSPEÇÃO SANITÁRIA |
| 650 ## - ASSUNTO - THESAGRO | |
| Cabeçalho tópico ou nome geográfico | ANÁLISE DE LABORATÓRIO |
| 650 ## - ASSUNTO - THESAGRO | |
| Cabeçalho tópico ou nome geográfico | PRODUTO DE ORIGEM ANIMAL |
| 650 ## - ASSUNTO - THESAGRO | |
| Cabeçalho tópico ou nome geográfico | SELO DE QUALIDADE |
| 650 ## - ASSUNTO - THESAGRO | |
| Cabeçalho tópico ou nome geográfico | SAÚDE PÚBLICA |
| 773 0# - ENTRADA ANALÍTICA | |
| Host Biblionumber | 4945 |
| Registro do item | 20965 |
| Imprenta | Brasília-DF Ministério da Agricultura, Pecuária e Abastecimento . Secretaria de Defesa Agropecuária 2022 - |
| Outro identificador | 2023-43711 |
| Título | Revista da Defesa Agropecuária (Brazil) |
| Colação | v. 1(1) p. 18-22; (Nov 2022) |
| Número de controle de registro | BR2024002752 |
Nenhum exemplar disponível.

BINAGRI